000 00656nam a2200241 a 4500
001 BRL_502
005 20190320210755.0
008 210813s1990----mx-a######---#000-0#spa-#
020 _a9686434003
041 _aspa
044 _amx
050 4 _aF1219
_b.C37 1990
100 1 _aCastro Leal, Marcia
_924122
245 1 0 _aMéxico Arqueológico
_cMarcia Castro Leal.
250 _aEdición Española
260 _aMéxico
_bMonclem Ediciones
_c1990
300 _a125 p.
_b220 il. a color
_c26 cm.
500 _aAu542
650 1 4 _aIndígenas de México
_xAntigüedades
_9509
651 4 _aMéxico
_xAntigüedades
_92765
902 _aGRL
942 _2lcc
_cB
999 _c9314
_d9314